000 00436nam a2200157 i 4500
001 92416
003 ES-MaACL
005 20230906180951.0
007 t|
008 050307s1966 sp ||||1| spa d
100 1 _aLin, Yutang.
_972320
245 1 3 _aLa familia del barri xinés /
_cYutang Lin; traducción de Miguel Arimany.
300 _a336 p. ;
_c18 cm.
700 1 _aArimany, Miguel.
_922831
852 _aES-MaACL
_jC-28394
_bR.59983
999 _c92416
_d92416